00000000nam##2200000za#4500
0019.578627
003CaOODSP
00520210624190157
007cr |||||||||||
008150406|1999||||xxc|||||o    f|0| 0 eng|d
040 |aCaOODSP|beng
043 |an-cn---
0861 |aFs70-1/1999-77E-PDF
1101 |aCanada. |bDepartment of Fisheries and Oceans.
24510|aPopulation status of eastern Georges Bank cod (unit areas 5Zj,m) for 1978-99 / |h[electronic resource]|c[by] J.J. Hunt and T.L. Johnston.
260 |aOttawa - Ontario : |bFisheries and Oceans Canada |c1999.
300 |a38p.|bgraphs, maps, references, tables
4901 |aCanadian Stock Assessment Secretariat research document|v99/77
546 |a(Texte en anglais, résumé en les deux langues officiels)
590 |a14-10-Supp|b2014-05-08
830#0|aCanadian Stock Assessment Secretariat research document ;|v99/77|w(CaOODSP)9.507740
85640|ahttp://publications.gc.ca|qPDF|s2.98 MB|uhttps://publications.gc.ca/collections/collection_2014/mpo-dfo/Fs70-1-1999-77-eng.pdf|y99/77